Vývoj cien služieb v SSR v rokoch 1985-1987
Salvato in:
| Autore principale: | |
|---|---|
| Natura: | Libro |
| Lingua: | slovacco |
| Pubblicazione: |
Bratislava
Slovenský štatistický úrad
1988
|
| Tags: |
Nessun Tag, puoi essere il primo ad aggiungerne!!
|
MARC
| LEADER | 00000nam a2200000 4500 | ||
|---|---|---|---|
| 001 | c038949 | ||
| 005 | 20240116074613.0 | ||
| 041 | 0 | |a slo | |
| 044 | |a SK | ||
| 245 | 1 | 0 | |a Vývoj cien služieb v SSR v rokoch 1985-1987 |c Varholová |
| 264 | 1 | |a Bratislava |b Slovenský štatistický úrad |c 1988 | |
| 300 | |a 9 s. | ||
| 100 | 1 | |a Varholová | |